Comics para hablar

Wedi'i Gadw mewn:
Manylion Llyfryddiaeth
Prif Awduron: Monfort, Marc (autor), Juárez Sánchez, Adoración (Awdur)
Fformat: Llyfr
Iaith:Sbaeneg
Cyhoeddwyd: Madrid Ciencias de la Educación Preescolar y Especial 1999
Cyfres:Colección Reeducación Logopédica
Pynciau:
Tagiau: Ychwanegu Tag
Dim Tagiau, Byddwch y cyntaf i dagio'r cofnod hwn!

MARC

LEADER 00000nam a2200000 a 4500
001 UCO6614
003 CL-VaPUC
008 001027e19990000SP |||||||||||||||||spa|d
082 0 4 |a 372.6  |b MON  |2 21 
100 |a Monfort, Marc  |e autor  |9 619135 
700 0 |a Juárez Sánchez, Adoración  |e author  |9 451395 
245 1 0 |a Comics para hablar 
300 |a v 
942 |c BK 
945 |d 20001027 00:00:00  |a vberengu 
260 |a Madrid  |b Ciencias de la Educación Preescolar y Especial  |c 1999 
650 7 |a HABLA  |2 CL-VaPUC  |9 311668 
650 0 |a Métodos de enseñanza  |9 270413 
650 0 |a Proceso de comunicación   |9 332060 
650 0 |a Técnicas de comunicación  |9 334811 
583 |a last modification  |c 20001027 00:00:00  |k Rodrigo Vera 
490 0 |a Colección Reeducación Logopédica 
999 |c 292094  |d 292092 
952 |0 0  |1 0  |4 0  |6 372_600000000000000_MON_1999  |7 0  |8 A  |9 342677  |a BIBEDU  |b BIBEDU  |d 2019-11-20  |h v.1  |i 3660753  |o 372.6 MON 1999  |p 3660753  |r 2019-11-20  |w 2019-11-20  |y BK  |k BME 
952 |0 0  |1 0  |4 0  |6 372_600000000000000_MON_1999  |7 0  |8 A  |9 342678  |a BIBEDU  |b BIBEDU  |d 2019-11-20  |h v.2  |i 3660761  |o 372.6 MON 1999  |p 3660761  |r 2019-11-20  |w 2019-11-20  |y BK  |k BME